NPK fertilization and dry rubber production by Hevea brasiliensis (Record no. 64122)

MARC details
000 -LEADER
fixed length control field 00490nam a2200193Ia 4500
100 ## - MAIN ENTRY--AUTHOR NAME
Personal name Murbach M R
245 #0 - TITLE STATEMENT
Title NPK fertilization and dry rubber production by Hevea brasiliensis
260 ## - PUBLICATION, DISTRIBUTION, ETC. (IMPRINT)
Name of publisher Scientia Agricola
Year of publication 1999
300 ## - PHYSICAL DESCRIPTION
Number of Pages 71-76
650 ## - SUBJECT ADDED ENTRY--TOPICAL TERM
Topical Term Fertilization
650 ## - SUBJECT ADDED ENTRY--TOPICAL TERM
Topical Term NPK
650 ## - SUBJECT ADDED ENTRY--TOPICAL TERM
Topical Term Rubber tree
700 ## - ADDED ENTRY--PERSONAL NAME
Personal name Boaretto A E
700 ## - ADDED ENTRY--PERSONAL NAME
Personal name Boaretto R M
700 ## - ADDED ENTRY--PERSONAL NAME
Personal name Muraoka T
700 ## - ADDED ENTRY--PERSONAL NAME
Personal name Silveira R I
942 ## - ADDED ENTRY ELEMENTS (KOHA)
Koha item type Journals
Holdings
Withdrawn status Lost status Damaged status Not for loan Home library Current library Shelving location Date acquired Serial Enumeration / chronology Koha item type
      Journals RRII Library RRII Library Soils and agonomy 17/12/2021 Volume 56, Issue 1 Journals